[Event "Holiday Invitational-IM 2019"]
[Site "Charlotte"]
[Date "2019.12.28"]
[Round "4.4"]
[White "Myers, Dominique"]
[Black "Andrianov, Nikolai"]
[Result "1/2-1/2"]
[WhiteElo "2012"]
[BlackElo "2417"]
[Annotator "NA"]
[PlyCount "33"]
[EventDate "2019.12.26"]
[EventType "tourn"]
[EventCountry "USA"]
[SourceTitle "playchess.com"]
[Source "ChessBase"]
[SourceQuality "1"]
[TimeControl "5400+30"]

1. e4 {[%emt 0:02:12]} c5 {[%emt 0:00:05]} 2. Nf3 {[%emt 0:00:07]} Nc6 {[%emt 0:00:07]} 3. d4 {[%emt 0:00:05]} cxd4 {[%emt 0:00:04]} 4. Nxd4 {[%emt 0:00:07]} g6 {[%emt 0:00:07]} 5. c4 {[%emt 0:00:06]} Nf6 {[%emt 0:00:05]} 6. Nc3 {[%emt 0:00:06]} d6 {[%emt 0:00:05]} 7. f3 {[%emt 0:01:01]} Nxd4 {[%emt 0:00:25]} 8. Qxd4 {[%emt 0:00:08]} Bg7 {[%emt 0:00:04]} 9. Be3 {[%emt 0:00:06]} O-O {[%emt 0:00:09]} 10. Qd2 {[%emt 0:00:06]} Be6 {[%emt 0:00:30]} 11. Be2 {[%emt 0:00:11]} Qa5 {[%emt 0:00:18]} 12. O-O {[%emt 0:04:43]} Rfc8 {[%emt 0:00:32]} 13. b3 {[%emt 0:00:37]} a6 {[%emt 0:00:37]} 14. Rac1 {[%emt 0:00:46]} b5 {[%emt 0:00:50]} 15. Nd5 {[%emt 0:02:43]} Qxd2 {[%emt 0:00:56]} 16. Bxd2 {[%emt 0:00:07]} Nxd5 {[%emt 0:00:43]} 17. cxd5 {[%emt 0:00:07]} 1/2-1/2

[Event "Holiday Invitational-IM 2019"]
[Site "Charlotte"]
[Date "2019.12.28"]
[Round "4.5"]
[White "Bregadze, Levan"]
[Black "Ludwig, John"]
[Result "1/2-1/2"]
[WhiteElo "2458"]
[BlackElo "2360"]
[Annotator "ChessBase"]
[PlyCount "45"]
[EventDate "2019.12.26"]
[EventType "tourn"]
[EventCountry "USA"]
[SourceTitle "playchess.com"]
[Source "ChessBase"]
[SourceQuality "1"]
[TimeControl "5400+30"]

1. Nf3 {[%emt 0:00:00]} d6 {[%emt 0:02:24]} 2. d4 {[%emt 0:00:44]} Bg4 {[%emt 0:00:21]} 3. e4 {[%emt 0:01:58]} Nf6 {[%emt 0:00:14]} 4. Nc3 {[%emt 0:00:29]} c6 {[%emt 0:00:19]} 5. Be2 {[%emt 0:01:36]} e6 {[%emt 0:00:55]} 6. O-O {[%emt 0:01:01]} Be7 {[%emt 0:02:25]} 7. Bg5 {[%emt 0:07:12]} d5 {[%emt 0:10:40]} 8. e5 {[%emt 0:01:56]} Nfd7 {[%emt 0:02:00]} 9. Bxe7 {[%emt 0:01:21]} Qxe7 {[%emt 0:00:08]} 10. Ne1 {[%emt 0:00:43]} Bxe2 {[%emt 0:00:53]} 11. Nxe2 {[%emt 0:00:05]} c5 {[%emt 0:03:25]} 12. c3 {[%emt 0:00:12]} Nc6 {[%emt 0:03:16]} 13. a3 {[%emt 0:07:36]} c4 {[%emt 0:06:21]} 14. f4 {[%emt 0:01:36]} g6 {[%emt 0:00:10]} 15. Nf3 {[%emt 0:02:35]} h5 {[%emt 0:03:51]} 16. Rb1 {[%emt 0:06:02]} Na5 {[%emt 0:08:33]} 17. Qc2 {[%emt 0:03:41]} Nb3 {[%emt 0:04:31]} 18. Nc1 {[%emt 0:01:53]} Nxc1 {[%emt 0:00:38]} 19. Rbxc1 {[%emt 0:00:11]} Nb6 {[%emt 0:04:59]} 20. g3 {[%emt 0:00:40]} Qd7 {[%emt 0:05:17]} 21. h3 {[%emt 0:10:40]} Qa4 {[%emt 0:00:13]} 22. Qf2 {[%emt 0:00:12]} Nc8 {[%emt 0:00:16]} 23. Ng5 {[%emt 0:01:51]} 1/2-1/2

[Event "Holiday Invitational-IM 2019"]
[Site "Charlotte"]
[Date "2019.12.29"]
[Round "5.1"]
[White "Francisco, Richard"]
[Black "Kolay, Alex"]
[Result "0-1"]
[WhiteElo "2281"]
[BlackElo "2261"]
[Annotator "TA"]
[PlyCount "174"]
[EventDate "2019.12.26"]
[EventType "tourn"]
[EventCountry "USA"]
[SourceTitle "playchess.com"]
[Source "ChessBase"]
[SourceQuality "1"]

{[%evp 12,174,12,3,0,0,0,-31,-31,-29,-31,-31,-22,-31,-26,-35,-22,-22,-10,-47,-1,-18,-7,-17,0,0,36,35,32,27,61,21,29,31,28,-20,-9,-28,-14,-18,0,-33,14,-13,43,52,64,55,67,56,69,71,62,23,29,4,7,0,24,0,50,24,151,74,133,99,84,79,67,56,51,39,77,39,67,49,85,26,93,0,0,0,0,0,0,0,0,0,0,-13,-16,-79,-22,-56,0,0,0,0,0,0,0,0,0,-8,-8,-10,-8,-27,0,0,0,0,0,0,0,0,0,-25,-29,-25,0,0,0,0,0,0,0,-8,0,0,0,-8,-8,-8,-8,-8,-8,-8,-8,-8,-8,-8,-8,-8,-8,-36,-39,-41,-41,-41,-41,-41,-41,-29974,-29979,-29981,-29980,-29980,-29981,-29985,-29986,-29986,-29987,-29987,-29988]} 1. c4 Nf6 2. g3 c6 3. Nf3 d5 4. Bg2 dxc4 5. O-O Nbd7 6. Na3 Nb6 7. Qc2 Be6 {A11: English Opening: 1...c6} (7... g6 8. Nxc4 Nxc4 9. Qxc4 Bg7 10. d3 O-O 11. Bd2 Nd5 12. Qc1 a5 13. Bh6 Bg4 14. Bxg7 Kxg7 15. Ne5 {½-½ (40) Aronian,L (2794)-Vitiugov,N (2735) Karlsruhe/Baden-Baden 2018}) 8. Ng5 Bg4 9. f3 Bh5 {Black is slightly better.} 10. Nxc4 Qd4+ 11. Ne3 e6 12. Kh1 Nfd5 13. Nd1 $146 ({Predecessor:} 13. Qb3 Nxe3 14. dxe3 Qc4 {0-1 (14) Kopsa,P (2372)-Eldridge,M (2366) GER email 2016}) 13... Bg6 14. d3 h6 15. Nh3 Be7 16. a3 Rd8 17. Bd2 Qc5 18. Qb3 Bf6 19. e4 {Rc1 is the strong threat.} Nc7 20. a4 Qd6 21. Nhf2 Bd4 22. Ne3 O-O 23. Rac1 Na6 24. a5 Nd7 25. Nc4 Qc7 26. Qa3 Ndc5 27. Ng4 f6 ({Black should try} 27... h5 $11 28. Bf4 Qe7) 28. b4 $14 h5 {[#]} 29. Nxf6+ $1 {[%mdl 512]} gxf6 (29... Bxf6 30. bxc5) 30. bxc5 Bxc5 31. Qb3 Qd7 32. Bh6 Rf7 33. Rfd1 Bd4 34. Bh3 Nc5 35. Qa2 Re7 36. Bf4 Bf7 (36... b5 $11 {keeps the balance.}) 37. Qa3 (37. Bd6 $142) 37... Na6 (37... b5 $142) 38. Nd6 c5 39. Rb1 Qc6 40. Nxf7 Kxf7 41. Qb3 Rh8 42. Qc4 Kf8 43. Rdc1 Rhh7 44. Kg2 (44. Bd2 $16) 44... Rh8 (44... h4 $11 {remains equal.}) 45. Qxd4 (45. Bd2 $16) 45... cxd4 $11 46. Rxc6 bxc6 47. Bd6 Kf7 48. Bxe7 Kxe7 {[%mdl 4096] Endgame KRB-KRN} 49. Rb7+ Kd6 50. Rxa7 Nc5 51. a6 (51. Kg1 $11) 51... Rb8 (51... Nxd3 $17 52. Kg1 Rb8) 52. Rf7 Rb2+ ({Black should play} 52... Nxd3 $15 53. Rxf6 Nc5) 53. Kf1 Nxa6 54. Rxf6 Nc5 55. f4 Rxh2 56. e5+ Ke7 57. Bg2 h4 58. gxh4 Rxh4 59. Ke2 Rh2 (59... Nd7 $5 {[%cal Rd7f6]} 60. Rg6 Rxf4 $15) 60. Rg6 Kf7 61. Rg3 Na6 62. Kf3 Nb4 63. Ke4 c5 64. Rg4 Nc2 (64... Nd5 $5 65. Kf3 $8 Ne3 $15) 65. Rg3 $1 Ne1 (65... Ne3 {seems wilder.} 66. Kf3 Rh4 67. Rg5 Rh8 68. Rg3 Rh2) 66. Bf3 $1 Nxf3 67. Kxf3 {KR-KR} Rd2 68. Kg4 Rd1 69. f5 Re1 70. Kf4 Rf1+ 71. Rf3 Rxf3+ 72. Kxf3 {And now f6 would win.} exf5 {K3P-KPP} 73. Kg3 $1 Kg7 74. Kf3 ({Not} 74. Kf4 $2 Kg6 $19) 74... Kh6 75. Kg3 Kh5 {White must now prevent ...Kg5.} 76. Kf4 Kg6 {Strongly threatening ...Kg7.} 77. Kg3 $1 Kg5 {Hoping for ...f4+.} 78. Kf3 f4 {( -> ...Kf5)} 79. Ke4 {[#]} f3 $1 {[%mdl 576] Deflection} 80. Kxf3 $15 {Threatens to win with Ke4. KPP-KPP} Kf5 81. e6 Kxe6 {aiming for ...Kd5. KPP-KP} 82. Ke4 $2 {[%mdl 8192]} (82. Ke2 $15) 82... Kd6 {Black mates.} 83. Kf4 Kd5 84. Kf3 c4 85. dxc4+ Kxc4 86. Ke2 Kc3 87. Kd1 Kd3 {Accuracy: White = 53%, Black = 47%.} 0-1

[Event "Holiday Invitational-IM 2019"]
[Site "Charlotte"]
[Date "2019.12.29"]
[Round "5.3"]
[White "Ludwig, John"]
[Black "Myers, Dominique"]
[Result "1-0"]
[WhiteElo "2360"]
[BlackElo "2012"]
[Annotator "RC"]
[PlyCount "83"]
[EventDate "2019.12.26"]
[EventType "tourn"]
[EventCountry "USA"]
[SourceTitle "playchess.com"]
[Source "ChessBase"]
[SourceQuality "1"]
[TimeControl "5400+30"]

1. e4 {[%emt 0:00:00]} e5 {[%emt 0:00:19]} 2. Nf3 {[%emt 0:00:00]} Nc6 {[%emt 0:00:10]} 3. Bb5 {[%emt 0:00:00]} a6 {[%emt 0:00:10]} 4. Bxc6 {[%emt 0:00:07]} dxc6 {[%emt 0:00:07]} 5. Nc3 {[%emt 0:00:16]} f6 {[%emt 0:02:34]} 6. d4 {[%emt 0:00:13]} Bg4 {[%emt 0:01:04]} 7. dxe5 {[%emt 0:03:12]} Qxd1+ {[%emt 0:00:15]} 8. Nxd1 {[%emt 0:00:10]} O-O-O {[%emt 0:01:11]} 9. exf6 {[%emt 0:08:38]} Nxf6 {[%emt 0:00:31]} 10. Ne3 {[%emt 0:00:33]} Bxf3 {[%emt 0:05:06]} 11. gxf3 {[%emt 0:00:07]} Nh5 {[%emt 0:01:14]} 12. Nc4 {[%emt 0:03:03]} Be7 {[%emt 0:01:35]} 13. Be3 {[%emt 0:06:22]} Rhf8 {[%emt 0:00:57]} 14. Ke2 {[%emt 0:00:43]} Bf6 {[%emt 0:05:15]} 15. c3 {[%emt 0:02:39]} Be7 {[%emt 0:03:25]} 16. a4 {[%emt 0:08:32]} g5 {[%emt 0:01:47]} 17. b4 {[%emt 0:04:37]} b6 {[%emt 0:03:38]} 18. a5 {[%emt 0:00:45]} b5 {[%emt 0:00:34]} 19. Nd2 {[%emt 0:01:25]} h6 {[%emt 0:00:55]} 20. Nb3 {[%emt 0:01:48]} Kb7 {[%emt 0:08:28]} 21. Nd4 {[%emt 0:03:19]} Rde8 {[%emt 0:10:48]} 22. Nf5 {[%emt 0:15:50]} Rxf5 {[%emt 0:00:53]} 23. exf5 {[%emt 0:00:08]} Ng7 {[%emt 0:00:13]} 24. Rad1 {[%emt 0:03:08]} Nxf5 {[%emt 0:00:22]} 25. Rd3 {[%emt 0:01:27]} c5 {[%emt 0:05:10]} 26. bxc5 {[%emt 0:01:58]} Bxc5 {[%emt 0:00:54]} 27. Re1 {[%emt 0:08:19]} Bd6 {[%emt 0:02:17]} 28. h3 {[%emt 0:02:29]} Nh4 {[%emt 0:00:40]} 29. Rb1 {[%emt 0:01:23]} Ng6 {[%emt 0:04:48]} 30. Rd4 {[%emt 0:03:07]} Kc8 {[%emt 0:09:39]} 31. Re4 {[%emt 0:02:14]} Rf8 {[%emt 0:02:24]} 32. c4 {[%emt 0:05:01]} bxc4 {[%emt 0:00:41]} 33. Rxc4 {[%emt 0:00:08]} Rf5 {[%emt 0:01:30]} 34. Rb6 {[%emt 0:01:35]} Kd7 {[%emt 0:08:18]} 35. Rxa6 {[%emt 0:00:11]} Rb5 {[%emt 0:00:42]} 36. Ra8 {[%emt 0:02:06]} Rb2+ {[%emt 0:00:21]} 37. Kd1 {[%emt 0:00:15]} Ra2 {[%emt 0:00:41]} 38. a6 {[%emt 0:00:16]} Ne5 {[%emt 0:00:24]} 39. Rc2 {[%emt 0:00:23]} Ra1+ {[%emt 0:01:47]} 40. Rc1 {[%emt 0:00:07]} Ra2 {[%emt 0:04:14]} 41. a7 {[%emt 0:00:27]} c5 {[%emt 0:00:44]} 42. Rh8 {[%emt 0:01:00]} 1-0

[Event "Holiday Invitational-IM 2019"]
[Site "Charlotte"]
[Date "2019.12.29"]
[Round "5.4"]
[White "Diulger, Alexey"]
[Black "Cervantes Landeiro, Thalia"]
[Result "1-0"]
[WhiteElo "2291"]
[BlackElo "2289"]
[Annotator "RC"]
[PlyCount "81"]
[EventDate "2019.12.26"]
[EventType "tourn"]
[EventCountry "USA"]
[SourceTitle "playchess.com"]
[Source "ChessBase"]
[SourceQuality "1"]
[TimeControl "5400+30"]

1. Nf3 {[%emt 0:03:14]} d5 {[%emt 0:00:00]} 2. g3 {[%emt 0:00:08]} Nf6 {[%emt 0:00:00]} 3. Bg2 {[%emt 0:00:03]} g6 {[%emt 0:00:00]} 4. b3 {[%emt 0:00:07]} Bg7 {[%emt 0:00:00]} 5. Bb2 {[%emt 0:00:06]} c5 {[%emt 0:00:14]} 6. O-O {[%emt 0:00:48]} O-O {[%emt 0:00:12]} 7. d3 {[%emt 0:01:26]} b6 {[%emt 0:10:27]} 8. c4 {[%emt 0:00:47]} Bb7 {[%emt 0:00:43]} 9. cxd5 {[%emt 0:00:15]} Bxd5 {[%emt 0:00:12]} 10. Nbd2 {[%emt 0:01:25]} Bb7 {[%emt 0:04:59]} 11. Rc1 {[%emt 0:00:36]} Nc6 {[%emt 0:01:04]} 12. Nc4 {[%emt 0:00:28]} Nd4 {[%emt 0:08:36]} 13. Nxd4 {[%emt 0:03:29]} Bxg2 {[%emt 0:00:12]} 14. Ne6 {[%emt 0:01:03]} fxe6 {[%emt 0:05:31]} 15. Kxg2 {[%emt 0:00:02]} Bh6 {[%emt 0:04:25]} 16. Rc2 {[%emt 0:02:19]} Qd5+ {[%emt 0:02:29]} 17. e4 {[%emt 0:01:03]} Qb7 {[%emt 0:01:57]} 18. f4 {[%emt 0:03:51]} Rfd8 {[%emt 0:12:05]} 19. Qf3 {[%emt 0:00:27]} Rac8 {[%emt 0:06:10]} 20. h4 {[%emt 0:06:27]} Bg7 {[%emt 0:07:18]} 21. Rd1 {[%emt 0:12:14]} b5 {[%emt 0:04:17]} 22. Ne3 {[%emt 0:01:14]} a5 {[%emt 0:02:36]} 23. Ba3 {[%emt 0:02:40]} e5 {[%emt 0:07:36]} 24. fxe5 {[%emt 0:00:31]} Nd7 {[%emt 0:00:32]} 25. e6 {[%emt 0:04:24]} Ne5 {[%emt 0:00:25]} 26. Qe2 {[%emt 0:00:48]} Nxd3 {[%emt 0:03:47]} 27. Nd5 {[%emt 0:01:03]} Nb4 {[%emt 0:01:17]} 28. Bxb4 {[%emt 0:00:40]} axb4 {[%emt 0:00:18]} 29. Qf1 {[%emt 0:01:38]} Rf8 {[%emt 0:00:40]} 30. Rf2 {[%emt 0:00:07]} c4 {[%emt 0:07:24]} 31. bxc4 {[%emt 0:01:11]} Rxf2+ {[%emt 0:01:18]} 32. Qxf2 {[%emt 0:00:02]} bxc4 {[%emt 0:00:12]} 33. Qf7+ {[%emt 0:00:34]} Kh8 {[%emt 0:00:01]} 34. Qxe7 {[%emt 0:01:43]} Qa8 {[%emt 0:01:07]} 35. Kh3 {[%emt 0:02:11]} c3 {[%emt 0:04:49]} 36. Nb6 {[%emt 0:01:59]} Re8 {[%emt 0:04:31]} 37. Nxa8 {[%emt 0:08:59]} Rxe7 {[%emt 0:00:02]} 38. Rd8+ {[%emt 0:00:05]} Bf8 {[%emt 0:00:05]} 39. Rxf8+ {[%emt 0:00:07]} Kg7 {[%emt 0:00:04]} 40. Rc8 {[%emt 0:00:12]} Rxe6 {[%emt 0:00:51]} 41. Rc4 {[%emt 0:00:54]} 1-0

[Event "Holiday Invitational-IM 2019"]
[Site "Charlotte"]
[Date "2019.12.29"]
[Round "5.5"]
[White "Andrianov, Nikolai"]
[Black "Furfine, Jacob"]
[Result "1/2-1/2"]
[WhiteElo "2417"]
[BlackElo "2302"]
[Annotator "TA"]
[PlyCount "84"]
[EventDate "2019.12.26"]
[EventType "tourn"]
[EventCountry "USA"]
[SourceTitle "playchess.com"]
[Source "ChessBase"]
[SourceQuality "1"]

{[%evp 21,84,14,23,24,39,39,39,28,41,36,41,40,42,48,81,99,80,40,34,15,16,19,18,13,14,15,23,13,12,15,12,12,22,0,40,40,40,41,41,41,41,66,70,66,70,36,27,34,79,77,64,0,144,151,184,0,0,0,0,0,0,0,0,0,0]} 1. Nf3 f5 2. g3 Nf6 3. Bg2 g6 4. O-O Bg7 5. d4 O-O 6. c4 d6 7. Nc3 c6 8. d5 e5 9. dxe6 Bxe6 10. b3 Na6 11. Bb2 Qc7 12. Ng5 {A88: Dutch Defence: Leningrad System: 5 Nf3 0-0 6 0-0 d6 7 Nc3 c6} Bd7 13. Qc2 {[#]} Rae8 $146 ({Predecessor:} 13... Rad8 14. Rad1 Nc5 15. e3 a5 16. Rfe1 Bc8 17. Qb1 Rfe8 18. Qc2 Qe7 19. Nf3 Ng4 {0-1 (53) Giri,A (2734)-Ponomariov,R (2731) Beijing 2013}) 14. Rad1 {White is slightly better.} Bc8 15. e3 h6 16. Nf3 Ng4 17. Rd2 Ne5 18. Rfd1 Rd8 19. a3 Nc5 20. Nxe5 dxe5 21. b4 Ne6 22. c5 Rxd2 23. Rxd2 Rd8 24. Nb1 {[%cal Bc3b1,Bb1d2,Bd2c4,Bc4d6][%mdl 32]} Ng5 25. Rxd8+ Qxd8 26. Nd2 Be6 27. Nc4 e4 28. Bxg7 Kxg7 29. Nd6 Qe7 30. Qc3+ Kh7 31. h4 Nf7 32. Qd4 a6 33. f3 (33. g4 {keeps more tension.} fxg4 34. h5 Bf5 35. hxg6+ Kxg6 36. Nxe4 Ng5 37. Nd6) 33... exf3 34. Bxf3 Nxd6 35. cxd6 Qg7 36. Qb6 (36. a4 $14) 36... h5 (36... Qa1+ $11 {remains equal.} 37. Kf2 Qb2+ 38. Kg1 Qg7) 37. Qc7 $16 Kh6 {[#] White should prevent ...Qa1+.} 38. Qd8 $2 ({White should play} 38. Be2 $1 $18) 38... Qa1+ $11 {The position is equal.} 39. Kf2 {Black must now prevent Qg5+.} Qb2+ 40. Be2 {Qg5+ is the strong threat.} Bc4 $1 41. Qf8+ {[#]} Kh7 $1 {[%mdl 512]} 42. Qe7+ {[#]} Kh6 $1 {[%mdl 512] Accuracy: White = 50%, Black = 63%.} 1/2-1/2

[Event "Holiday Invitational-IM 2019"]
[Site "Charlotte"]
[Date "2019.12.29"]
[Round "6.1"]
[White "Kolay, Alex"]
[Black "Diulger, Alexey"]
[Result "1/2-1/2"]
[WhiteElo "2261"]
[BlackElo "2291"]
[Annotator "NA"]
[PlyCount "32"]
[EventDate "2019.12.26"]
[EventType "tourn"]
[EventCountry "USA"]
[SourceTitle "playchess.com"]
[Source "ChessBase"]
[SourceQuality "1"]
[TimeControl "5400+30"]

1. d4 {[%emt 0:00:00]} g6 {[%emt 0:00:00]} 2. c4 {[%emt 0:00:00]} Bg7 {[%emt 0:00:00]} 3. Nf3 {[%emt 0:00:00]} d6 {[%emt 0:00:00]} 4. Nc3 {[%emt 0:00:00]} Bg4 {[%emt 0:01:16]} 5. e3 {[%emt 0:19:52]} c6 {[%emt 0:00:27]} 6. Be2 {[%emt 0:00:42]} e6 {[%emt 0:00:44]} 7. O-O {[%emt 0:01:21]} d5 {[%emt 0:02:04]} 8. Qb3 {[%emt 0:05:10]} Qb6 {[%emt 0:01:24]} 9. Na4 {[%emt 0:06:46]} Qxb3 {[%emt 0:00:35]} 10. axb3 {[%emt 0:00:08]} Nd7 {[%emt 0:00:05]} 11. cxd5 {[%emt 0:00:43]} exd5 {[%emt 0:01:04]} 12. b4 {[%emt 0:01:30]} a6 {[%emt 0:17:24]} 13. h3 {[%emt 0:07:41]} Bxf3 {[%emt 0:01:01]} 14. Bxf3 {[%emt 0:00:01]} h5 {[%emt 0:00:37]} 15. Nc5 {[%emt 0:04:09]} Nxc5 {[%emt 0:00:25]} 16. bxc5 {[%emt 0:00:10]} f5 {[%emt 0:00:29]} 1/2-1/2

[Event "Holiday Invitational-IM 2019"]
[Site "Charlotte"]
[Date "2019.12.29"]
[Round "6.2"]
[White "Cervantes Landeiro, Thalia"]
[Black "Andrianov, Nikolai"]
[Result "1/2-1/2"]
[WhiteElo "2289"]
[BlackElo "2417"]
[Annotator "NA"]
[PlyCount "91"]
[EventDate "2019.12.26"]
[EventType "tourn"]
[EventCountry "USA"]
[SourceTitle "playchess.com"]
[Source "ChessBase"]
[SourceQuality "1"]
[TimeControl "5400+30"]

1. d4 {[%emt 0:00:00]} d5 {[%emt 0:00:25]} 2. c4 {[%emt 0:00:00]} c6 {[%emt 0:00:03]} 3. Nf3 {[%emt 0:00:00]} Nf6 {[%emt 0:00:04]} 4. e3 {[%emt 0:00:00]} g6 {[%emt 0:00:28]} 5. Nc3 {[%emt 0:00:06]} Bg7 {[%emt 0:00:06]} 6. Be2 {[%emt 0:00:43]} O-O {[%emt 0:00:20]} 7. O-O {[%emt 0:03:33]} dxc4 {[%emt 0:01:52]} 8. Bxc4 {[%emt 0:00:09]} Bg4 {[%emt 0:00:10]} 9. h3 {[%emt 0:01:23]} Bxf3 {[%emt 0:00:07]} 10. Qxf3 {[%emt 0:00:06]} Nbd7 {[%emt 0:00:40]} 11. Rd1 {[%emt 0:03:00]} e5 {[%emt 0:03:31]} 12. d5 {[%emt 0:00:10]} e4 {[%emt 0:00:34]} 13. Nxe4 {[%emt 0:00:14]} Nxe4 {[%emt 0:00:19]} 14. Qxe4 {[%emt 0:00:10]} Nf6 {[%emt 0:00:07]} 15. Qf3 {[%emt 0:04:32]} cxd5 {[%emt 0:00:07]} 16. Bxd5 {[%emt 0:11:11]} Nxd5 {[%emt 0:00:17]} 17. Rxd5 {[%emt 0:22:24]} Qf6 {[%emt 0:03:06]} 18. Qxf6 {[%emt 0:00:32]} Bxf6 {[%emt 0:00:01]} 19. Kf1 {[%emt 0:00:24]} Rfd8 {[%emt 0:04:01]} 20. Rxd8+ {[%emt 0:00:26]} Rxd8 {[%emt 0:00:02]} 21. Ke2 {[%emt 0:00:12]} Rc8 {[%emt 0:00:05]} 22. Bd2 {[%emt 0:00:45]} Rc2 {[%emt 0:00:26]} 23. Rb1 {[%emt 0:00:11]} Rxb2 {[%emt 0:00:19]} 24. Rxb2 {[%emt 0:00:07]} Bxb2 {[%emt 0:00:01]} 25. Kd3 {[%emt 0:00:08]} Kf8 {[%emt 0:02:19]} 26. Kc4 {[%emt 0:00:28]} Ke7 {[%emt 0:00:08]} 27. Kd5 {[%emt 0:00:12]} h5 {[%emt 0:00:25]} 28. e4 {[%emt 0:01:56]} Kd7 {[%emt 0:00:39]} 29. Be3 {[%emt 0:01:25]} a6 {[%emt 0:00:54]} 30. f3 {[%emt 0:06:14]} Ba3 {[%emt 0:02:08]} 31. g4 {[%emt 0:03:25]} hxg4 {[%emt 0:00:24]} 32. hxg4 {[%emt 0:09:01]} Be7 {[%emt 0:03:22]} 33. f4 {[%emt 0:01:02]} Bd6 {[%emt 0:02:30]} 34. Bd2 {[%emt 0:07:04]} Be7 {[%emt 0:03:15]} 35. Be3 {[%emt 0:02:25]} Bd6 {[%emt 0:00:17]} 36. f5 {[%emt 0:00:11]} gxf5 {[%emt 0:00:13]} 37. exf5 {[%emt 0:00:14]} f6 {[%emt 0:02:31]} 38. Bd4 {[%emt 0:02:27]} Be7 {[%emt 0:00:28]} 39. Bc3 {[%emt 0:00:58]} Bd8 {[%emt 0:02:07]} 40. Bb4 {[%emt 0:05:35]} b5 {[%emt 0:18:27]} 41. Bc3 {[%emt 0:04:36]} a5 {[%emt 0:01:35]} 42. Kc5 {[%emt 0:02:01]} b4 {[%emt 0:00:29]} 43. Bd2 {[%emt 0:02:05]} Be7+ {[%emt 0:00:57]} 44. Kb5 {[%emt 0:00:17]} Bd8 {[%emt 0:00:12]} 45. Bf4 {[%emt 0:02:59]} Ke8 {[%emt 0:00:45]} 46. Bd2 {[%emt 0:07:59]} 1/2-1/2

[Event "Holiday Invitational-IM 2019"]
[Site "Charlotte"]
[Date "2019.12.29"]
[Round "6.3"]
[White "Myers, Dominique"]
[Black "Furfine, Jacob"]
[Result "0-1"]
[WhiteElo "2012"]
[BlackElo "2302"]
[Annotator "TA"]
[PlyCount "44"]
[EventDate "2019.12.26"]
[EventType "tourn"]
[EventCountry "USA"]
[SourceTitle "playchess.com"]
[Source "ChessBase"]
[SourceQuality "1"]

{[%evp 14,104,44,43,38,27,64,52,54,15,48,41,41,22,32,21,23,-18,-14,-87,2,-7,2,-24,-18,-63,-57,-55,-46,-137,-87,-82,-73,-79,-35,-138,188,-280,170,-291,-293,-286,-282,-295,-276,-270,-290,-291,-279,-292,-288,-278,-280,-312,-315,-310,-295,-366,-356,-368,-339,-405,-419,-522,-511,-532,-516,-650,-624,-685,-671,-598,-558,-606,-595,-551,-539,-591,-579,-556,-560,-790,-811,-861,-833,-862,-850,-1378,-1329,-2577,-2750,-29990,-29991]} 1. e4 c5 2. Nf3 a6 3. c4 e6 4. Nc3 Qc7 5. d4 cxd4 6. Nxd4 Nf6 7. Be2 b6 8. O-O Bb7 {B41: Sicilian: Kan Variation: 5 c4} 9. Qd3 d6 (9... Nc6 10. Nxc6 Bxc6 11. Be3 Be7 12. f4 O-O 13. e5 Ne8 14. Bd4 d6 15. Qe3 Qb7 16. Bf3 Bxf3 17. Qxf3 Qxf3 18. Rxf3 {½-½ (26) Anton Guijarro,D (2648)-Bachmann,A (2624) Neuquen 2017}) 10. Bg5 Nbd7 {White is slightly better.} 11. Qh3 Be7 12. Rfe1 O-O 13. Rac1 $146 ({Predecessor:} 13. Bf1 Rac8 14. Rac1 Rfe8 15. f3 Qb8 16. Red1 {½-½ (50) Rotstein,J (2410)-Krug,K (2111) Cologne 2006}) 13... Rfe8 14. Be3 Bf8 15. Bd3 Rac8 16. Bb1 (16. Nf3 $11) 16... Qb8 (16... Qxc4 $17 17. a3 Qc7) 17. b3 $11 g6 18. f4 Bg7 19. Nf3 {[#]} b5 $1 {[%mdl 512]} 20. Nd2 (20. cxb5 axb5) 20... bxc4 21. Nxc4 (21. bxc4 $15 h5 22. Bc2) 21... d5 $36 {[%mdl 2048] Black is on the roll.} 22. Nd2 {[#] White wants to play e5.} dxe4 {Played: d5-d4} 0-1

[Event "Holiday Invitational-IM 2019"]
[Site "Charlotte"]
[Date "2019.12.29"]
[Round "6.4"]
[White "Bregadze, Levan"]
[Black "Francisco, Richard"]
[Result "1-0"]
[WhiteElo "2458"]
[BlackElo "2281"]
[Annotator "TA"]
[PlyCount "45"]
[EventDate "2019.12.26"]
[EventType "tourn"]
[EventCountry "USA"]
[SourceTitle "playchess.com"]
[Source "ChessBase"]
[SourceQuality "1"]

{[%evp 9,75,-7,0,5,-12,-12,-4,-45,-39,-25,-22,-76,-3,-15,-12,-55,-43,-37,-56,-74,-47,-36,-26,-58,-24,-37,7,0,19,10,0,0,15,25,36,10,47,35,4,19,35,12,51,43,52,36,36,27,92,79,229,216,213,218,210,197,218,125,220,96,1183,1170,2412,1808,1554,936,29992,29993]} 1. e4 c5 2. b3 Nc6 3. Bb2 d6 4. Bb5 Nf6 5. Qe2 (5. Bxc6+ bxc6 6. d3 g6 7. Ne2 Bg7 8. O-O O-O 9. h3 e5 10. Ng3 h5 11. Nd2 h4 12. Ne2 g5 {1-0 (41) Morozevich,A (2731)-Moiseenko,A (2707) Dubai 2014}) 5... e5 6. f4 {B20: Sicilian: Unusual White 2nd moves} exf4 7. Nf3 Bd7 8. Nc3 $146 {The position is equal.} ({Predecessor:} 8. e5 Nxe5 9. Nxe5 dxe5 10. Bxe5 Bxb5 11. Qxb5+ Qd7 12. Na3 Be7 {1-0 (54) Istvanovszky,M (2331)-Kaman,A (2152) Hungary 2014}) 8... Be7 $1 9. Bxc6 Bxc6 10. e5 (10. O-O-O $11) 10... dxe5 (10... Ng4 $17 11. exd6 Qxd6) 11. Nxe5 $11 Rc8 12. O-O-O (12. Nb5 {seems wilder.} Be4 13. Nxa7 Ra8 14. Nb5 Bxc2 15. O-O) 12... O-O 13. Nxc6 Rxc6 14. g3 c4 15. gxf4 Re8 16. Qg2 cxb3 17. axb3 Qa5 18. Rde1 Ba3 19. Rxe8+ Nxe8 20. Re1 Nc7 21. Re5 Qb4 22. Re4 $40 {[%mdl 128] White attacks.} Qd6 23. Nb5 {Played: Nc3-d5} 1-0